Devinez le Département Mystère #94 - Statistiques

Statistiques générales
  • Ce quiz a été pris 170 fois
  • Le résultat moyen est 26 sur 34
Statistiques - réponses
Type de Réponse Réponse % Correct
Lettre de l'Alphabet A
99%
Lettre Trouvée E
99%
Lettre Trouvée R
99%
Lettre Trouvée I
98%
Lettre Trouvée N
98%
Lettre de l'Alphabet S
98%
Lettre Trouvée O
96%
Lettre de l'Alphabet L
94%
Lettre Trouvée D
90%
Lettre de l'Alphabet H
90%
Lettre de l'Alphabet U
90%
Lettre de l'Alphabet T
89%
Lettre de l'Alphabet C
86%
Lettre de l'Alphabet M
86%
Lettre de l'Alphabet V
86%
Lettre de l'Alphabet B
75%
Lettre de l'Alphabet P
75%
Lettre Trouvée G
73%
Lettre Bien Placée E
71%
Lettre de l'Alphabet Y
70%
Lettre de l'Alphabet F
67%
Lettre Bien Placée N
63%
Lettre de l'Alphabet Z
61%
Lettre de l'Alphabet Q
59%
Lettre Bien Placée R
59%
Lettre de l'Alphabet J
58%
Lettre de l'Alphabet X
58%
Lettre Bien Placée D
56%
Lettre Bien Placée G
56%
Département Mystère Gironde
56%
Lettre Bien Placée I
56%
Lettre de l'Alphabet K
56%
Lettre Bien Placée O
56%
Lettre de l'Alphabet W
56%
Aucun quiz correspondant
Distribution des résultats
% des personnes avec chaque résultat
Percentile par nombre de réponses
Votre historique - résultats
Vous n’avez pas pris ce quiz